Name the Pokémon City - Statistics

General Stats
  • This quiz has been taken 26 times
  • The average score is 9 of 16
Answer Stats
Picture Answer % Correct
Floaroma Town
87%
Lavaridge Town
78%
Lavender Town
78%
Nimbasa City
78%
Snowpoint City
74%
Ecruteak City
70%
Sootopolis City
65%
Blackthorn City
61%
Saffron City
61%
Spikemuth
57%
Mistralton City
48%
Postwick
35%
Viridian City
35%
Aquacorde Town
30%
Artazon
26%
Paniola Town
26%
No matching quizzes found
Score Distribution
Percent of People with Each Score
Percentile by Number Answered
Your Score History
You have not taken this quiz